Statistics in the pharmaceutical industry
Wedi'i Gadw mewn:
| Prif Awduron: | , |
|---|---|
| Fformat: | Llyfr |
| Iaith: | Saesneg |
| Cyhoeddwyd: |
Nueva York
Marcel Dekker
1981
|
| Cyfres: | Statistics textbooks and monographs, 36
|
| Pynciau: | |
| Tagiau: |
Ychwanegu Tag
Dim Tagiau, Byddwch y cyntaf i dagio'r cofnod hwn!
|
MARC
| LEADER | 00000nam a2200000 a 4500 | ||
|---|---|---|---|
| 001 | UCX7873 | ||
| 003 | CL-VaPUC | ||
| 008 | 940111e19810000US |||||||||||||||||eng|d | ||
| 082 | 0 | 4 | |a 615.19 |b BUN |2 21 |
| 100 | 0 | |a Buncher, Charles Ralph |e author |9 324815 | |
| 700 | 0 | |a Tsay, Jia-Yeong |e author |9 324816 | |
| 245 | 1 | 0 | |a Statistics in the pharmaceutical industry |
| 300 | |a 465 p | ||
| 942 | |c BK | ||
| 945 | |d 19940111 00:00:00 |a mfernand | ||
| 260 | |a Nueva York |b Marcel Dekker |c 1981 | ||
| 650 | 7 | |a FARMACIA |2 CL-VaPUC |9 315900 | |
| 650 | 0 | |a Métodos estadísticos |9 259407 | |
| 650 | 0 | |a Drogas |9 254877 | |
| 583 | |a last modification |c 20180301 10:30:25 |k Rodrigo Vera | ||
| 490 | 0 | |a Statistics textbooks and monographs, 36 | |
| 999 | |c 227555 |d 227553 | ||
| 952 | |0 0 |1 0 |4 0 |6 615_190000000000000_BUN_1981 |7 0 |8 A |9 226666 |a BIBMAT |b BIBMAT |d 2019-11-15 |i 2957825 |o 615.19 BUN 1981 |p 2957825 |r 2025-01-07 |w 2019-11-15 |y BK |k MAT | ||